Most expensive football transfers - Born in 1984 - Statistics

General Stats
  • This quiz has been taken 20 times
  • The average score is 8 of 10
Answer Stats
Fee (M €) Season Nationality Left Joined Player % Correct
58,50 2010-2011 Spain Liverpool Chelsea Fernando Torres
100%
38,00 2007-2008 Spain Atlético Madrid Liverpool Fernando Torres
100%
35,00 2007-2008 Netherlands Chelsea Real Madrid Arjen Robben
95%
25,00 2009-2010 Netherlands Real Madrid Bayern Munich Arjen Robben
95%
43,00 2008-2009 Brazil Real Madrid Manchester City Robinho
95%
29,00 2009-2010 Argentina West Ham Manchester City Carlos Tevez
84%
29,00 2009-2010 Togo Arsenal Manchester City Emmanuel Adebayor
84%
42,00 2012-2013 Brazil AC Milan Paris SG Thiago Silva
84%
27,00 2007-2008 Netherlands Ajax Real Madrid Wesley Sneijder
68%
24,75 2007-2008 England Charlton Tottenham Darren Bent
37%
No matching quizzes found
Score Distribution
Percent of People with Each Score
Percentile by Number Answered
Your Score History
You have not taken this quiz